000 01760nam a2200313 a 4500
003 DO-SdBNP
005 20250108133159.0
007 ta
008 250108e2013 sp ||||er|||| 000 fdspa d
020 _a9789945489712
040 _aDO-SdBNP
_bspa
_cBNPHU
_erda
041 _hspa
082 4 _a305.52
_bR789d
_222
100 1 _aRosario, Esteban
_eautor
_97082
245 1 0 _aLos dueños de la República Dominicana /
_cEsteban Rosario
264 _aSanto Domingo :
_bSantuario,
_c2013
300 _a352 páginas. ;
_c24 cm.
336 _ardacontent
_btexto
_2txt
337 _ardamedia
_bsin mediación
_2n
338 _ardacarrier
_bvolumen
_2nc
505 _aFamilia Vicini-Cabral 1 -- Familia Bonetti 27 -- Familia Barcelo 31 -- Familia Villella-San Miguel 37 -- Familia Hazin Azar-Frapier 38 -- Familia Corripio Cáceres 40 -- Familia Troncoso 43 -- Familia Troncoso-Cáceres 44 -- Familia Brugal 46 -- Familia Ariza 48 -- Familia E. León Jiménez 52 -- Familia Peynado 53 -- Familia Armenteros 55 -- Familia Haché 57 -- Familia Vitienes 58 -- Familia Pellerano-Ricart Romano 60 -- Los viejos Ricos Dom 72 -- Árbol Genealógico de la Oligarquía Dom 85 -- Concentración de la Tierra y Monopolios Agrícolas 99 -- Control de Organismos de Decisión del Estado 135 -- Control de las Instituciones sin fines de lucro 146 -- Control de las Universidades Privadas 174 -- Los Dueños de la Gran Industria 191 -- Oligarquía y Capital Extranjero 206 -- Inversiones Turísticas 220 -- No pagan Luz ni Agua y les exonera 225 -- Sector Financiero 232
590 _aInventariado 2025 / DG
650 4 _aMillonarios
_980984
650 4 _aOligarquía
_9596
650 0 _aNovela dominicana
_9223
650 0 _aRiqueza
_986879
910 _aDG
942 _2ddc
_cLBS1
999 _c58005
_d58005